Nociones de Aeromodelismo

Saved in:
Bibliographic Details
Main Author: Dirección Gerenal de Aviación Civil Autor
Format: Unknown
Language:Spanish
Published: Madrid Ministerio del Aire 1942
Textbook Catalogue:MANES:  Library Catalog Search Result
Textbook Classification:
Tags: Add Tag
No Tags, Be the first to tag this record!
Added to:2016-04-26

MARC

LEADER 000000000a22000000004500
001 17080
003 OSt
008 160427s sp ||||| |||| 00| 0 spa d
041 1 |a spa 
040 |c centro_manes 
691 7 |a FP 
100 1 |a Dirección Gerenal de Aviación Civil  |b Autor  |9 11822 
245 0 0 |a Nociones de Aeromodelismo 
260 3 |a Madrid  |b Ministerio del Aire  |c 1942 
300 |a 82p.  |c 16 * 21 cm 
500 |a ILUSTRACIONES: Contiene muchos dibujos en blanco y negro. ENCUADERNACIÓN: Sin encuadernar. DESCRIPCIÓN CONTENIDO: Aeronáutica premilitar. PALABRAS CLAVE: Aeromodelismo. NéMERO EJEMPLARES: 1. Nº TOPOGRÁFICO: 279. CONSERVACIÓN: Buena. 
942 |2 ddc  |c BK 
546 |a España 
999 |c 23049  |d 23049 
999 |c manes:23049  |d 23049